000 00721nam a22001697a 4500
999 _c61176
_d61176
005 20231227114934.0
008 231227s2008 ru ||||| |||| 00| 0 rus d
020 _a9789197775113
041 _arus
080 _a336.94 Ц-32
245 _aЦентральная Евразия :
_bНациональные валюты /
_cПод ред. Э. М. Исмаилова ; Ин-т стратегических исследований Кавказа.
264 _aСтокгольм :
_b CA&CC Press,
_c2008.
300 _a336 с. :
_bрис.;
_c27 см.
653 _aეროვნული ვალუტა
700 _aИсмаилов, Э. М.
_eრედაქტორი
_920913
942 _2udc
_cᲬᲘᲒᲜᲘ